Spotreba potravín a matice elasticíd modelu AGRO-3 SR
Poskytnutie prehľadu o postavení potravín, nealkoholockých a alkoholockých nápojov v spotrebnom koši, o vývoji spotreby a spotrebiteľských cien vybraných potravinových komodít za obdobie rokov 1998-2002, krátkodobé prognózovanie vývoja týchto ukazovateľov na základe časových radov príslušných indiká...
Guardado en:
| Autor principal: | |
|---|---|
| Formato: | Capítulo de libro |
| Lenguaje: | eslovaco |
| Materias: | |
| Etiquetas: |
Sin Etiquetas, Sea el primero en etiquetar este registro!
|
MARC
| LEADER | 00000naa$a2200000$$$4500 | ||
|---|---|---|---|
| 001 | 0012583 | ||
| 005 | 20231018084641.5 | ||
| 041 | 0 | |a slo | |
| 044 | |a SK | ||
| 245 | 1 | 0 | |a Spotreba potravín a matice elasticíd modelu AGRO-3 SR |c aut. Marianna Blahovics |
| 520 | |a Poskytnutie prehľadu o postavení potravín, nealkoholockých a alkoholockých nápojov v spotrebnom koši, o vývoji spotreby a spotrebiteľských cien vybraných potravinových komodít za obdobie rokov 1998-2002, krátkodobé prognózovanie vývoja týchto ukazovateľov na základe časových radov príslušných indikátorov. Odvodenie matice cenovej elasticity dopytu a matice príjmovej elasticity s ohľadom na skúmanú skupinu výdavkov domácností s hlavným zameraním na potraviny, nealkoholické a alkoholické nápoje. | ||
| 610 | 2 | 0 | |a potraviny |
| 610 | 2 | 0 | |a spotreba potravín |
| 610 | 2 | 0 | |a ceny spotrebiteľské |
| 610 | 2 | 0 | |a výdavky obyvateľstva |
| 610 | 2 | 0 | |a dopyt |
| 610 | 2 | 0 | |a prognózovanie |
| 610 | 2 | 0 | |a modely |
| 100 | 1 | |a Blahovics, Marianna | |